Como 1907 Squad 2025-2026 - Statistics

General Stats
  • This quiz has been taken 224 times
    114 since last reset
  • The average score is 21 of 31
Answer Stats
# Position Nation Player % Correct
10 MF Argentina Nico Paz
100%
- Coach Spain Cesc Fàbregas
97%
1 GK France Jean Butez
96%
7 FW Spain Álvaro Morata
91%
11 FW Greece Anastasios Douvikas
89%
38 FW Senegal Assane Diao
89%
23 MF Argentina Máximo Perrone
86%
34 DF Brazil Diego Carlos
83%
17 FW Spain Jesús Rodríguez
83%
20 MF Croatia Martin Baturina
81%
14 DF Spain Jacobo Ramón
80%
33 MF France Lucas Da Cunha
80%
31 DF Kosovo Mërgim Vojvoda
79%
2 DF Germany Marc Oliver Kempf
76%
5 DF Italy Edoardo Goldaniga
74%
8 MF Spain Sergi Roberto
73%
3 DF Spain Álex Valle
71%
77 DF Belgium Ignace Van der Brempt
71%
28 DF Croatia Ivan Smolčić
70%
6 MF France Maxence Caqueret
70%
19 FW Germany Nicolas Kühn
70%
42 FW Netherlands Jayden Addai
69%
18 DF Spain Alberto Moreno
60%
27 DF Austria Stefan Posch
57%
4 DF Italy Alberto Dossena
49%
22 GK Italy Mauro Vigorito
31%
99 FW Italy Alberto Cerri
30%
44 GK Croatia Nikola Čavlina
23%
21 GK Sweden Noel Törnqvist
17%
15 MF Sweden Adrian Lahdo
13%
12 GK Brazil Henrique Menke
11%
No matching quizzes found
Score Distribution
Percent of People with Each Score
Percentile by Number Answered
Your Score History
You have not taken this quiz since the last reset